| 000 | 00962nam a2200277Ia 4500 | ||
|---|---|---|---|
| 003 | OSt | ||
| 005 | 20220923211512.0 | ||
| 006 | a|||||r|||| 00| 0 | ||
| 007 | ta | ||
| 008 | 220922b |||||||| |||| 00| 0 hin d | ||
| 020 |
_a9789380146768 (hbk) _c425 |
||
| 024 | _a289,583 | ||
| 037 |
_bBL185, 09/03/2016, K. K. Publications _cTextual |
||
| 040 |
_aARTS _cARTS _bhin |
||
| 041 |
_2hin _ahin |
||
| 082 | _aO152,3N373w, P9.2 | ||
| 100 | _aशाह, रमेशचन्द्र | ||
| 245 | 0 | _aइस खिड़की से | |
| 246 | _aIs khiड़kī se | ||
| 260 |
_aनयी दिल्ली _b किताबघर प्रकाशन _c2012 |
||
| 300 |
_a278पृ. _ccm. |
||
| 490 | _vभाग 2 | ||
| 650 |
_aहिन्दी साहित्य _9156264 |
||
| 942 |
_hO152,3N373w, P9.2 _cTEXL _2CC |
||
| 999 |
_c300198 _d300198 |
||